000 00495nam a2200181Ia 4500
003 GCL
008 140319s9999 xx 000 0 ara d
040 _aGCL /
_cGCL
082 0 4 _a8810.8038
_bع ت
100 1 _aعبدالعزيز شرف
245 1 0 _aالتنوير فريضة وطنية /
_cعبدالعزيز شرف
260 _a[S.N] :
_bدار الجيل ،
_c1993
300 _a280 ص
490 _a
650 0 4 _aالادب العربى
650 0 4 _aفلسفة
942 _2ddc
_cBK
999 _c55841
_d55841